NBA : Le 5 majeur des franchises vainqueurs (2012-2001) - Statistiques

Statistiques générales
  • Ce quiz a été pris 104 fois
    27 depuis la dernière actualisation
  • Le résultat moyen est 32 sur 60
Statistiques - réponses
Années Franchises Joueurs % Correct
Lebron James
100%
2010 Los Angeles Lakers Kobe Bryant
91%
Kobe Bryant
91%
2002 Los Angeles Lakers Kobe Bryant
91%
2001 Los Angeles Lakers Kobe Bryant
91%
Dirk Nowitzki
86%
Dwayne Wade
86%
Dwayne Wade
86%
Chris Bosh
82%
2008 Boston Celtic Ray Allen
82%
Shaquille O'neal
82%
Shaquille O'neal
82%
Shaquille O'neal
82%
Tim Duncan
82%
Tim Duncan
82%
Tim Duncan
82%
Tony Parker
82%
Tony Parker
82%
Tony Parker
82%
Jason Kidd
77%
Kevin Garnett
77%
Manu Ginobili
77%
Manu Ginobili
77%
Pau Gasol
77%
Pau Gasol
77%
Paul Pierce
77%
Ben Wallace
73%
2004 Detroit Pistons Chauncey Billups
73%
Rasheed Wallace
73%
Rajon Rondo
64%
David Robinson
50%
Mario Chalmer
45%
Richard Hamilton
41%
Robert Horry
41%
Shawn Marion
36%
Dereck Fisher
32%
Dereck Fisher
32%
Derek Fisher
32%
Derek Fisher
32%
Kendrick Perkins
32%
2012 Miami Heat Shane Battier
32%
Tayshaun Prince
32%
Tyson Chandler
32%
Andrew Bynum
27%
Andrew Bynum
27%
2007 San Antonio Spurs Bruce Bowen
27%
2005 San Antonio Spurs Bruce Bowen
27%
2003 San Antonio Spurs Bruce Bowen
27%
Jason Williams
23%
Rick Fox
23%
Rick Fox
23%
2006 Miami Heat Udonis Haslem
23%
2011 Dallas Mavericks José Juan Baréa
18%
Antoine Walker
14%
Metta World Peace
9%
Nazr Mohamed
9%
Stephen Jackson
9%
2009 Los Angeles Lakers Trevor Ariza
9%
Horace Grant
5%
Fabricio Oberto
0%
Aucun quiz correspondant
Distribution des résultats
% des personnes avec chaque résultat
Percentile par nombre de réponses
Votre historique - résultats
Vous n’avez pas pris ce quiz depuis la dernière actualisation